Late Night Talk Show Hosts Quiz Stats

 Plays Quiz not verified by Sporcle

Also try: The Golden Girls
Challenge
Share
Tweet
Embed
Score 0/12 Timer 05:00
0 Plays Today
TV Station Host % Correct
NBCJay Leno
96.3%
CBSDavid Letterman
96%
NBCConan O'Brien
91.2%
NBCJimmy Fallon
86.6%
ABCJimmy Kimmel
84%
Comedy CentralJon Stewart
82.7%
Comedy CentralStephen Colbert
80.4%
CBSCraig Ferguson
79.4%
NBCCarson Daly
71.6%
TBSGeorge Lopez
64.6%
E!Chelsea Handler
58.2%
FOXWanda Sykes
42.5%

You're not logged in!

Compare scores with friends on all Sporcle quizzes.
OR
Log In

You Might Also Like...

Show Comments

Extras

Created Oct 27, 2009ReportNominate
Tags:Show Quiz, host, late, night, station, talk

Top Quizzes Today


Score Distribution

Your Account Isn't Verified!

In order to create a playlist on Sporcle, you need to verify the email address you used during registration. Go to your Sporcle Settings to finish the process.

Report this User

Report this user for behavior that violates our Community Guidelines.

Details: